L’événement de la rencontre (notice n° 1626558)
[ vue normale ]
| 000 -LEADER | |
|---|---|
| fixed length control field | 00942cam a2200169 4500500 |
| 005 - DATE AND TIME OF LATEST TRANSACTION | |
| control field | 20260111093510.0 |
| 041 ## - LANGUAGE CODE | |
| Language code of text/sound track or separate title | fre |
| 042 ## - AUTHENTICATION CODE | |
| Authentication code | dc |
| 100 10 - MAIN ENTRY--PERSONAL NAME | |
| Personal name | Deleixhe, Martin |
| Relator term | author |
| 245 00 - TITLE STATEMENT | |
| Title | L’événement de la rencontre |
| 260 ## - PUBLICATION, DISTRIBUTION, ETC. | |
| Date of publication, distribution, etc. | 2018.<br/> |
| 500 ## - GENERAL NOTE | |
| General note | 73 |
| 520 ## - SUMMARY, ETC. | |
| Summary, etc. | La Plateforme citoyenne de soutien aux réfugiés en Belgique, établie à l’été 2015 dans le parc Maximilien de Bruxelles en réaction à la politique sécuritaire du gouvernement, trouve sa justification dans la politique autant que dans la morale de l’hospitalité. |
| 520 ## - SUMMARY, ETC. | |
| Summary, etc. | The citizen support group to refugees in Belgium, established during the summer 2015 in the park Maximilien in Brussels can be explained by politics as well as by the morality of hospitality. |
| 786 0# - DATA SOURCE ENTRY | |
| Note | Esprit | Juillet-Août | 7 | 2018-08-31 | p. 130-138 | 0014-0759 |
| 856 41 - ELECTRONIC LOCATION AND ACCESS | |
| Uniform Resource Identifier | <a href="https://shs.cairn.info/revue-esprit-2018-7-page-130?lang=fr&redirect-ssocas=7080">https://shs.cairn.info/revue-esprit-2018-7-page-130?lang=fr&redirect-ssocas=7080</a> |
Pas d'exemplaire disponible.




Réseaux sociaux